书目信息 |
| 题名: |
营销渠道管理
|
|
| 作者: | 张闯 编著 | |
| 分册: | ||
| 出版信息: | 大连 东北财经大学出版社 2021.01 |
|
| 页数: | 304页 | |
| 开本: | 24cm | |
| 丛书名: | ||
| 单 册: | ||
| 中图分类: | F713.50 | |
| 科图分类: | ||
| 主题词: | 购销渠道--营销管理--高等学校--教材 | |
| 电子资源: | ||
| ISBN: | 978-7-5654-4037-3 | |
| 000 | 01045nam0 2200289 450 | |
| 001 | 010442215 | |
| 005 | 20210520152429.0 | |
| 010 | @a978-7-5654-4037-3@dCNY42.00 | |
| 035 | @a(Sirsi) a2314664 | |
| 049 | @aA210200DLL@bUCS01010442215@c010442215 | |
| 100 | @a20210116d2021 em y0chiy0110 ea | |
| 102 | @aCN@b210000 | |
| 105 | @ay z 000yy | |
| 106 | @ar | |
| 200 | 1 | @a营销渠道管理@9ying xiao qu dao guan li@b专著@dMarketing channel management@f张闯编著@zeng |
| 205 | @a3版 | |
| 210 | @a大连@c东北财经大学出版社@d2021.01 | |
| 215 | @a304页@d24cm | |
| 300 | @a21世纪高等院校市场营销专业精品教材 | |
| 330 | @a本书分10章,主要包括营销渠道管理导论、、营销渠道结构设计、营销渠道纵向一体化决策、营销渠道系统、营销渠道权力与依赖、营销渠道绩效评价与调整等内容。 | |
| 510 | 1 | @aMarketing channel management@zeng |
| 606 | 0 | @a购销渠道@x营销管理@x高等学校@j教材 |
| 690 | @aF713.50@v5 | |
| 701 | 0 | @a张闯@9zhang chuang@f(1977-)@4编著 |
| 801 | 2 | @aCN@b人天书店@c20210520 |
| 801 | 0 | @aCN@b人天书店@c20210519 |
| 905 | @aTSG@dF713@eZ082@f2 | |
| 营销渠道管理=Marketing channel management/张闯编著.-3版.-大连:东北财经大学出版社,2021.01 |
| 304页;24cm |
| 21世纪高等院校市场营销专业精品教材 |
| ISBN 978-7-5654-4037-3:CNY42.00 |
| 本书分10章,主要包括营销渠道管理导论、、营销渠道结构设计、营销渠道纵向一体化决策、营销渠道系统、营销渠道权力与依赖、营销渠道绩效评价与调整等内容。 |
| ● |
| 相关链接 |
|
|
|
正题名:营销渠道管理
索取号:F713/Z082
 
预约/预借
| 序号 | 登录号 | 条形码 | 馆藏地/架位号 | 状态 | 备注 |
| 1 | 1534220 | 215342207 | 社科库409/409社科库 40排6列3层/ [索取号:F713/Z082] | 在馆 | |
| 2 | 1534221 | 215342216 | 社科库409/409社科库 40排6列3层/ [索取号:F713/Z082] | 在馆 |